000
00319nam a2200145Ia 4500
008
230718s9999 xx 000 0 und d
041
_a
Eng.
082
_a
823
_b
BRO-S
100
_a
Brooks, Terry
245
0
_a
Stair wars
260
_a
Pakistan
_b
Mw york and Rs
_c
1995
300
_a
324
650
_a
Law
999
_c
26588
_d
26588